| 000 | 00870cam a2200253 i 4500 | ||
|---|---|---|---|
| 001 | 56465 | ||
| 003 | Mx-PuUPA | ||
| 005 | 20220428080317.0 | ||
| 008 | 140415s1986 ag gr 001 0 spa d | ||
| 040 |
_aMX-PuUPA _bspa _erda _cMx-PuUPA _dMx-PuUPA |
||
| 041 | 0 | _aspa | |
| 110 | 2 |
_aInstitute for Latin American Integration, _96336 |
|
| 245 | 1 | 3 |
_aEl proceso de integración en América Latina en 1985 / _cINTAL. |
| 264 | 1 |
_aBuenos Aires : _bBanco Interamericano de Desarrollo, _c1986 |
|
| 300 |
_avii, 271 páginas ; _c23 cm |
||
| 336 |
_atexto _2rdacontent _btxt |
||
| 337 |
_asin medio _2rdamedia _bn |
||
| 338 |
_avolumen _2rdacarrier _bnc |
||
| 650 | 7 |
_aIntegración económica internacional _zAmérica Latina _2armarc |
|
| 650 | 4 |
_aEconomía _zAmérica Latina |
|
| 942 |
_2ddc _cLI _h337.18 _iP962 |
||
| 999 |
_c56465 _d56465 |
||